Nghiên cứu một số đặc điểm sinh thái của quần thể lợn rừng Thái Lan nhập nội (Sur scrofa cristatus) trong điều kiện nuôi bán tự nhiên tại huyện Quế Sơn, tỉnh Quảng Nam

Tổng quan; Đối tượng, phạm vi và phương pháp nghiên cứu; Kết quả và bàn luận...

保存先:
書誌詳細
第一著者: Ngô Thị Lệ Chi
その他の著者: Đinh Thị Phương Anh PGS.TS (Hướng dẫn)
フォーマット: 図書
出版事項: Đà Nẵng Đại học Đà Nẵng 2012
主題:
タグ: タグ追加
タグなし, このレコードへの初めてのタグを付けませんか!
Thư viện lưu trữ: Mạng thư viện Đại học Đà Nẵng
LEADER 01614nam a2200313 4500
001 000017836
003 14262
005 20130829140801.0
008 130611s2012 sd
082 |a 599.63  |b NG-C 
100 |a Ngô Thị Lệ Chi 
245 |a Nghiên cứu một số đặc điểm sinh thái của quần thể lợn rừng Thái Lan nhập nội (Sur scrofa cristatus) trong điều kiện nuôi bán tự nhiên tại huyện Quế Sơn, tỉnh Quảng Nam  |c Ngô Thị Lệ Chi ; Đinh Thị Phương Anh hướng dẫn.  |k Luận văn Thạc sĩ 
260 |a Đà Nẵng  |b Đại học Đà Nẵng  |c 2012 
300 |a 76 tr., phụ lục 7 tr.  |b Hình mh.  |c 29 cm.  |e CD + tóm tắt 
500 |a Luận văn thạc sĩ Khoa học. Chuyên ngành: Sinh thái học. Mã số: 60.42.60. 
520 |a Tổng quan; Đối tượng, phạm vi và phương pháp nghiên cứu; Kết quả và bàn luận... 
650 0 4 |a Lợn rừng Thái Lan  |v Luận văn tốt nghiệp  |x Nghiên cứu  |z Quảng Nam 
653 |a Lợn rừng Thái Lan  |a Sinh thái học 
700 |a Đinh Thị Phương Anh  |c PGS.TS  |e Hướng dẫn 
OWN |a LSP 
AVA |a UDN50  |b LSP  |d 599.63 NG-C  |e available  |t Error 5001 Not defined in file expand_doc_bib_avail.  |f 1  |g 0  |h N  |i 0  |k 1 
999 |a From the UDN01 
AVA |a UDN50  |b LSP  |d 599.63 NG-C  |e available  |t Error 5001 Not defined in file expand_doc_bib_avail.  |f 1  |g 0  |h N  |i 0  |k 1 
TYP |a Monograph 
TYP |a Printed language 
980 |a Mạng thư viện Đại học Đà Nẵng